Development of a Machine Learning-Based State of Health Estimation System for Lithium-Ion Batteries / (Record no. 615554)

000 -LEADER
fixed length control field 00518nam a22001577a 4500
082 ## - DEWEY DECIMAL CLASSIFICATION NUMBER
Classification number 621.31
Author Mark USM
100 ## - MAIN ENTRY--PERSONAL NAME
Personal name Usman, Muhammad (450058)
245 ## - TITLE STATEMENT
Title Development of a Machine Learning-Based State of Health Estimation System for Lithium-Ion Batteries /
264 ## - PRODUCTION, PUBLICATION, DISTRIBUTION, MANUFACTURE, AND COPYRIGHT NOTICE
Place of production, publication, distribution, manufacture Islamabad :
Name of producer, publisher, distributor, manufacturer USPCAS-E, NUST
Date of production, publication, distribution, manufacture, or copyright notice August, 2025
300 ## - PHYSICAL DESCRIPTION
Extent xviii, 78 p.
Accompanying material +CD
520 ## - SUMMARY, ETC.
Summary, etc. TH-656
650 ## - SUBJECT ADDED ENTRY--TOPICAL TERM
Topical term or geographic name entry element MS EEP Thesis
650 ## - SUBJECT ADDED ENTRY--TOPICAL TERM
Topical term or geographic name entry element MS Thesis
700 ## - ADDED ENTRY--PERSONAL NAME
Personal name Supervisor: Dr. Hassan Abdullah Khalid
942 ## - ADDED ENTRY ELEMENTS (KOHA)
Source of classification or shelving scheme
Koha item type Thesis
Holdings
Withdrawn status Permanent Location Current Location Date acquired Full call number Barcode Koha item type
  US-Pakistan Center for Advanced Studies in Energy (USPCAS-E) US-Pakistan Center for Advanced Studies in Energy (USPCAS-E) 12/16/2025 621.31 USM CAS-ETH0000656 Thesis
© 2023 Central Library, National University of Sciences and Technology. All Rights Reserved.